Bob was not a determine bear

Bibliographic Details
Format: Book
Published: Selangor : Early Learner Publications
Series:Moral values series
Subjects:

MARC

LEADER 00000cam a2200000 7i4500
001 0000006265
005 20220105104020.0
008 070815
020 |a 9833324584 
090 0 0 |a JP   |b MOR ENG (7196) 
245 0 0 |a Bob was not a determine bear 
260 |a Selangor :   |b Early Learner Publications 
440 |a Moral values series 
500 |a Children age 4-6 years old (yellow) 
650 0 |a Junior preschool   |x English   |x Languages 
650 0 |a Moral 
999 |a 0000983100   |b Book   |c Children Collection   |e Cawangan Mersing 
999 |a 0000983101   |b Book   |c Children Collection   |e Cawangan Mersing 
999 |a 0000983102   |b Book   |c Children Collection   |e Perbadanan Perpustakaan Awam Johor 
999 |a 0000983103   |b Book   |c Children Collection   |e Perbadanan Perpustakaan Awam Johor 
999 |a 0000983104   |b Book   |c Children Collection   |e Cawangan Mersing 
999 |a 0001079478   |b Book   |c Children Collection   |e Cawangan Tmn. Ungku Tun Aminah 
999 |a 0001129736   |b Book   |c Children Collection   |e Cawangan Taman Universiti 
999 |a 0001148082   |b Book   |c Children Collection   |e Cawangan Taman Universiti